| 000 | 00732nam a2200277Ia 4500 | ||
|---|---|---|---|
| 008 | 171025s9999 xx 000 0 und d | ||
| 020 | _a9780073310237 | ||
| 050 | _a617.1 | ||
| 050 | _bP927 2008 | ||
| 100 | _aPrentice, William E. | ||
| 245 | _aEssentials of athletic injury management / | ||
| 245 | _cby William E. Prentice. | ||
| 250 | _aSeventh edition | ||
| 260 | _aNew York : | ||
| 260 | _bMcGraw Hill, | ||
| 260 | _c2008 | ||
| 300 | _axx, 627 pages : | ||
| 300 | _billustrations ; | ||
| 300 | _c23cm. | ||
| 500 | _aIncludes glossary and index. | ||
| 650 | _aPhysical education and training. | ||
| 650 | _aSports injuries -- | ||
| 650 | _aSports medicine. | ||
| 650 | _xPrevention. | ||
| 700 | _aTitle. | ||
| 999 |
_c344437 _d344437 |
||